| Tag |
First Indicator |
Second Indicator |
Subfields |
| LEADER |
00000cam a2200000 a 4500 |
| 001 |
in00002155721 |
| 006 |
m e d # |
| 007 |
cr mn mmmmabba |
| 008 |
810902s1788 pau s 000 0 eng d |
| 005 |
20260331153254.9 |
| 035 |
|
|
|z w028141
|
| 035 |
|
|
|a MAAR8109024522B
|
| 035 |
|
|
|9 mwa91-17359
|
| 035 |
|
|
|a 333714
|
| 035 |
|
|
|a aas03028141
|
| 040 |
|
|
|a MWA
|c MWA
|e bdrb
|d UtOrBLW
|
| 100 |
1 |
|
|a Brown, Andrew,
|d 1744?-1797.
|
| 245 |
1 |
0 |
|a To the public :
|b The subscriber, having resigned the charge of the Young Ladies' Academy to its visitors*, intends to establish a printing-office in this city. The Federal gazette and the Philadelphia evening post, was conducted by him ... Though the gazette had met with uncommon encouragement, the gentleman concerned with him did not incline to continue the publication ... This paper the subscriber proposes to resume ...
|
| 264 |
|
1 |
|a [Philadelphia] :
|b [publisher not identified],
|c [1788]
|
| 300 |
|
|
|a 1 sheet (2 pages) ;
|c 30 x 20 cm.
|
| 336 |
|
|
|a text
|b txt
|2 rdacontent
|
| 337 |
|
|
|a computer
|b c
|2 rdamedia
|
| 338 |
|
|
|a online resource
|b cr
|2 rdacarrier
|
| 500 |
|
|
|a Contains a short account by Brown of his military service, followed on page 2 by extracts from personal letters of American army officers testifying to Brown's character.
|
| 500 |
|
|
|a Signed on page 2: Andrew Brown.
|
| 510 |
4 |
|
|a Bristol
|c B6677
|
| 510 |
4 |
|
|a Shipton & Mooney
|c 45231
|
| 530 |
|
|
|a Microform version available in the Readex Early American Imprints series.
|
| 533 |
|
|
|a Electronic text and image data.
|b [Chester, Vt. :
|c Readex, a division of Newsbank, Inc.,
|d 2002-2004.
|e Includes files in TIFF, GIF and PDF formats with inclusion of keyword searchable text.
|f (Early American imprints. First series ; no. 45231).
|
| 500 |
|
|
|a Electronic resource.
|
| 630 |
0 |
0 |
|a Federal gazette (Philadelphia, Pa.)
|
| 650 |
|
0 |
|a Newspaper publishing
|z Pennsylvania
|z Philadelphia.
|
| 650 |
|
0 |
|a Publishers and publishing
|z Pennsylvania
|z Philadelphia.
|
| 651 |
|
0 |
|a United States
|x History
|y Revolution, 1775-1783
|v Personal narratives.
|
| 655 |
|
7 |
|a Prospectuses.
|2 rbgenr
|
| 752 |
|
|
|a United States
|b Pennsylvania
|d Philadelphia.
|
| 830 |
|
0 |
|a Early American imprints.
|n Series I,
|p Evans (1639-1800) ;
|v no. 45231.
|
| 856 |
4 |
1 |
|u http://proxy.library.tamu.edu/login?url=https://opac.newsbank.com/select/evans/45231
|y Evans Digital Edition
|t 0
|
| 999 |
|
|
|a MARS
|
| 999 |
f |
f |
|s 556e6972-2671-3072-9a19-2a37c15687ee
|i 8843214c-b81e-39ee-99b9-bba1d1b7777e
|t 0
|
| 952 |
f |
f |
|a Texas A&M University
|b College Station
|c Electronic Resources
|s www_evans
|d Available Online
|t 0
|h No information provided
|
| 998 |
f |
f |
|t 0
|l Available Online
|